| 000 | 01867cam a2200277 4500 | ||
|---|---|---|---|
| 001 | ABS66374 | ||
| 008 | 030205n2002 000 0 eng u | ||
| 035 | _a(Sirsi) u121254 | ||
| 100 | _aHood, J. | ||
| 245 | _aLicensing and planning | ||
| 260 | _c2002 | ||
| 490 |
_aScottish Planning and Environmental Law _v(94) December 2002, 139-143(5) |
||
| 520 | _aExamines the ways that liquor licensing and planning legislation in Scotland interact and considers the effects this has on licence applications. Provides a legislative background with reference to the Licensing (Scotland) Act 1976 s23(1), the Town and Country Planning (Scotland) Acts 1972 and 1997 and the Town and Country Planning (Use Classes) (Scotland) Order 1997. Provides the solution to the problem of applying for a liquor licence for the cafe part of a museum and discusses the more complex cases of "Edinburgh City Council v Scottish Ministers"(CSOH Abs66121), "Leisure Inns (UK) Ltd v Perth and Kinross District Licensing Board" ([1993] SLT 796) and "Conquest Europe Ltd v Edinburgh City Council" (2001). Concludes that proposed Scottish licensing reform needs to be matched with a review of planning legislation to meet public needs and the requirements of business. Case law. | ||
| 590 | _aABS | ||
| 650 | _aCONQUEST EUROPE V EDINBURGH CITY COUNCIL | ||
| 650 | _aEDINBURGH CITY COUNCIL V SCOTTISH MINISTERS | ||
| 650 | _aLEISURE INNS (UK) LTD V PERTH AND KINROSS DISTRICT LICENSING BOARD | ||
| 650 | _aLICENSING (SCOTLAND) ACT 1976 | ||
| 650 | _aTOWN AND COUNTRY PLANNING (USE CLASSES) (SCOTLAND) ORDER 1997 | ||
| 650 | _aTOWN AND COUNTRY PLANNING (SCOTLAND) ACT 1972 | ||
| 650 | _aTOWN AND COUNTRY PLANNING (SCOTLAND) ACT 1997 | ||
| 650 | _aLICENSING BOARDS | ||
| 650 | _aLIQUOR LICENCE | ||
| 690 | _aENVIRONMENTAL AND LAND CONSULTANCY-PLANNING AND DEVELOPMENT | ||
| 942 | _n0 | ||
| 999 |
_c72065 _d72065 |
||